Environmental planning - the need for fundamental change (Record no. 71090)
[ view plain ]
| 000 -LEADER | |
|---|---|
| fixed length control field | 01290cam a2200229 4500 |
| 001 - CONTROL NUMBER | |
| control field | ABS65868 |
| 008 - FIXED-LENGTH DATA ELEMENTS--GENERAL INFORMATION | |
| fixed length control field | 020905n2002 000 0 eng u |
| 035 ## - SYSTEM CONTROL NUMBER | |
| System control number | (Sirsi) u119571 |
| 100 ## - MAIN ENTRY--PERSONAL NAME | |
| Personal name | Owens, S. |
| 245 ## - TITLE STATEMENT | |
| Title | Environmental planning - the need for fundamental change |
| 260 ## - PUBLICATION, DISTRIBUTION, ETC. | |
| Date of publication, distribution, etc. | 2002 |
| 490 ## - SERIES STATEMENT | |
| Series statement | Town & Country Planning |
| Volume/sequential designation | 71 (7/8) July/ August 2002, 198-201(4) |
| 520 ## - SUMMARY, ETC. | |
| Summary, etc. | The recent Royal Commission on environmental pollution report in March 2002 'Environmental Planning' argues that the challenges of the 21st century demand a coherent environmental planning framework which we currently do not have. It advocates reforming the present town and country planning system by moving it in a more holistic direction to also include such things as agriculture and forestry. The Commission envisages a far-sighted spatial strategy that writes the functions of land-use planning with those of pollution control, resource management and nature conservation. |
| 590 ## - LOCAL NOTE (RLIN) | |
| Local note | ABS |
| 650 ## - SUBJECT ADDED ENTRY--TOPICAL TERM | |
| Topical term or geographic name entry element | ENVIRONMENTAL POLLUTION |
| 650 ## - SUBJECT ADDED ENTRY--TOPICAL TERM | |
| Topical term or geographic name entry element | ENVIRONMENTAL PLANNING |
| 650 ## - SUBJECT ADDED ENTRY--TOPICAL TERM | |
| Topical term or geographic name entry element | PLANNING SYSTEM |
| 650 ## - SUBJECT ADDED ENTRY--TOPICAL TERM | |
| Topical term or geographic name entry element | ROYAL COMMISSION ON ENVIRONMENTAL POLLUTION |
| 650 ## - SUBJECT ADDED ENTRY--TOPICAL TERM | |
| Topical term or geographic name entry element | TOWN AND COUNTRY PLANNING SYSTEM |
| 690 ## - LOCAL SUBJECT ADDED ENTRY--TOPICAL TERM (OCLC, RLIN) | |
| Topical term or geographic name as entry element | ENVIRONMENTAL AND LAND CONSULTANCY-PLANNING AND DEVELOPMENT |
| 942 ## - ADDED ENTRY ELEMENTS (KOHA) | |
| Suppress in OPAC | 0 |
| Withdrawn status | Lost status | Source of classification or shelving scheme | Damaged status | Not for loan | Home library | Current library | Shelving location | Date acquired | Total Checkouts | Full call number | Barcode | Date last seen | Copy number | Price effective from | Koha item type |
|---|---|---|---|---|---|---|---|---|---|---|---|---|---|---|---|
| Dewey Decimal Classification | London | London | Books | 05/09/2002 | ABS65868 | 119571-1001 | 06/08/2019 | 1 | 06/08/2019 | Book |